| 000 | 01074cam a2200337 a 4500 | ||
|---|---|---|---|
| 001 | 15373969 | ||
| 003 | NUST - PNEC | ||
| 005 | 20170116181048.0 | ||
| 008 | 080721s2008 enka b 000 0 eng d | ||
| 010 | _a 2008428449 | ||
| 015 |
_aGBA613012 _2bnb |
||
| 016 | 7 |
_a013376026 _2Uk |
|
| 020 | _a1904879764 (pbk.) | ||
| 020 | _a9781904879763 (pbk.) | ||
| 035 | _a(OCoLC)ocm62892353 | ||
| 040 |
_aUKM _cLIBRARY _dYDXCP _dCDX _dDLC |
||
| 042 | _alccopycat | ||
| 050 | 0 | 0 |
_aHD38.2 _b.H695 2008 |
| 082 | 0 | 4 | _a658.409 HOY |
| 100 | 1 | _aHoyle, Michael. | |
| 245 | 1 | 0 |
_aSimply a great manager : _bthe 15 fundamentals of being a successful manager / _cMichael Hoyle, Peter Newman. |
| 260 |
_aLondon : _bMashall Cavendish, _c2008. |
||
| 300 |
_axiv, 177 p. : _bill. ; _c22 cm. |
||
| 504 | _aIncludes bibliographical references. | ||
| 650 | 0 | _aExecutive ability. | |
| 650 | 0 |
_aManagement. _xMIS |
|
| 700 | 1 | _aNewman, Peter. | |
| 906 |
_a7 _bcbc _ccopycat _d2 _encip _f20 _gy-gencatlg |
||
| 942 |
_2ddc _cBK |
||
| 999 |
_c68300 _d68300 |
||